Borges: imágenes, memorias, diálogos / (Record no. 185974)

MARC details
000 -LEADER
campo de control de longitud fija 00874nam a2200253 i 4500
001 - NÚMERO DE CONTROL
campo de control 185974
003 - IDENTIFICADOR DE NÚMERO DE CONTROL
campo de control SpMaBN
005 - FECHA Y HORA DE LA ÚLTIMA TRANSACCIÓN
campo de control 20230906222545.0
008 - DATOS DE LONGITUD FIJA--INFORMACIÓN GENERAL
campo de control de longitud fija 160831s1977 ve |||| |bspa d
080 ## - NÚMERO DE LA CLASIFICACIÓN DECIMAL UNIVERSAL
Número de la Clasificación Decimal Universal 929 Borges, Jorge Luis
100 1# - ENTRADA PRINCIPAL--NOMBRE DE PERSONA
Nombre de persona Vázquez, María Esther.
9 (RLIN) 113379
245 10 - MENCIÓN DEL TÍTULO
Título Borges: imágenes, memorias, diálogos /
Mención de responsabilidad, etc. María Esther Vázquez ; [prólogo, Jorge Luis Borges].
260 ## - PUBLICACIÓN, DISTRIBUCIÓN, ETC.
Lugar de publicación, distribución, etc. Caracas :
Nombre del editor, distribuidor, etc. Monte Avila,
Fecha de publicación, distribución, etc. [1977]
300 ## - DESCRIPCIÓN FÍSICA
Extensión 243 p. ;
Dimensiones 18 cm.
490 1# - MENCIÓN DE SERIE
Mención de serie Estudios
500 ## - NOTA GENERAL
Nota general Cronología.
504 ## - NOTA DE BIBLIOGRAFÍA, ETC.
Nota de bibliografía, etc. Bibliografía: p. 233-240.
594 ## - Nota al título y mención de responsabilidad
Nota al título y mención de responsabilidad Recoge una serie de entrevistas realizadas a J.L. Borges.
600 17 - PUNTO DE ACCESO ADICIONAL DE MATERIA--NOMBRE DE PERSONA
Nombre de persona Borges, Jorge Luis-
Subdivisión general Biografías.
9 (RLIN) 145283
600 14 - PUNTO DE ACCESO ADICIONAL DE MATERIA--NOMBRE DE PERSONA
Nombre de persona Borges, Jorge Luis-
Subdivisión de forma Entrevistas.
9 (RLIN) 30463
830 0# - PUNTO DE ACCESO ADICIONAL DE SERIE-TÍTULO UNIFORME
Título uniforme Estudios
9 (RLIN) 177349
852 ## - LOCALIZACIÓN
Ubicación ES-MaACL
Número de control de estantería L-30587
Nota libre . - Donat. Miguel A. Velasco
Holdings
Estatus retirado Estado de pérdida Estado de daño No para préstamo Biblioteca de origen Biblioteca actual Ubicación en estantería Fecha de adquisición Fuente de adquisición Total de préstamos Signatura topográfica completa Código de barras Visto por última vez Precio de reemplazo Tipo de ítem Koha
        Biblioteca del Ateneo de Madrid Biblioteca del Ateneo de Madrid Depósito 2 31/08/2016     L-30587 1196062 23/02/2023 23/02/2023 Libro impreso